000 00389nam a2200157Ia 4500
008 230917s9999||||xx |||||||||||||| ||und||
040 _e30235
_aMAIN
041 _aEnglish
082 _a658.3 T737P
100 _aTripathi, P C
245 0 _aPersonnel management and industrial laws
250 _a3rd ed.
260 _aNew Delhi
_bSultan Chand
_c1997
300 _a306 p.
942 _cBK
999 _c102634
_d102634